Educación matemática: 7º año básico, texto para el estudiante
Guardat en:
| Autors principals: | , |
|---|---|
| Format: | Llibre |
| Idioma: | espanyol |
| Publicat: |
Santiago
McGraw-Hill Interamericana
2002
|
| Matèries: | |
| Etiquetes: |
Afegir etiqueta
Sense etiquetes, Sigues el primer a etiquetar aquest registre!
|
MARC
| LEADER | 00000nam a2200000 a 4500 | ||
|---|---|---|---|
| 001 | UCL1935 | ||
| 003 | CL-VaPUC | ||
| 008 | 030926e20020000CL |||||||||||||||||spa|d | ||
| 020 | |a 9562781267 | ||
| 082 | 0 | 4 | |a 372.7 |b COF |2 21 |
| 100 | 0 | |a Cofré Jorquera, Alicia |e author |9 478924 | |
| 700 | 0 | |a Russell C., Alicia |e author |9 478925 | |
| 245 | 1 | 0 | |a Educación matemática: 7º año básico, texto para el estudiante |
| 300 | |a 192 p | ||
| 942 | |c BK | ||
| 945 | |d 20030926 00:00:00 |a cmena | ||
| 260 | |a Santiago |b McGraw-Hill Interamericana |c 2002 | ||
| 650 | 0 | |a Matemática |9 260235 | |
| 650 | 0 | |a Educación básica |9 224933 | |
| 650 | 0 | |a Matemáticas |x Enseñanza |9 875527 | |
| 650 | 0 | |a Métodos de enseñanza |9 270413 | |
| 583 | |a last modification |c 20170816 01:00:14 |k Rodrigo Vera | ||
| 999 | |c 305369 |d 305367 | ||
| 952 | |0 0 |1 0 |4 0 |6 372_700000000000000_COF_2002 |7 0 |8 P |9 368907 |a BIBEDU |b BIBEDU |d 2019-11-21 |i 3946975 |o 372.7 COF 2002 |p 3946975 |r 2019-11-21 |w 2019-11-21 |y BK |k EBA | ||
| 952 | |0 0 |1 0 |4 0 |6 372_700000000000000_COF_2002 |7 0 |8 P |9 368908 |a BIBEDU |b BIBEDU |d 2019-11-21 |i 3946983 |o 372.7 COF 2002 |p 3946983 |r 2019-11-21 |w 2019-11-21 |y BK |k EBA | ||
| 952 | |0 0 |1 0 |4 0 |6 372_700000000000000_COF_2002 |7 0 |8 P |9 368909 |a BIBEDU |b BIBEDU |d 2019-11-21 |i 3946991 |o 372.7 COF 2002 |p 3946991 |r 2019-11-21 |w 2019-11-21 |y BK |k EBA | ||
| 952 | |0 0 |1 0 |4 0 |6 372_700000000000000_COF_2002 |7 0 |8 P |9 368910 |a BIBEDU |b BIBEDU |c BIBEDU_PB |d 2019-11-21 |i 394705K |o 372.7 COF 2002 |p 394705K |r 2024-01-25 |w 2019-11-21 |y BK |k EBA | ||
| 952 | |0 0 |1 0 |4 0 |6 372_700000000000000_COF_2002 |7 0 |8 P |9 368911 |a BIBEDU |b BIBEDU |d 2019-11-21 |i 3947068 |o 372.7 COF 2002 |p 3947068 |r 2019-11-21 |w 2019-11-21 |y BK |k EBA | ||